000 00556nam a2200181Ia 4500
005 20250508150735.0
008 008 250505s9999 xx 000 0 eng d
037 _aBooks to be hide in OPAC
040 _aFEDL
_beng
_cFEDL
041 _aeng
_2eng
084 _a910.7, SHE/O
_qFEDL
100 _aShearer M H
_9757420
245 0 _aLaboratory exercises in physical geography and earth science
260 _aNew York, USA
_bMcGraw-Hill Book Company
_c1941
300 _aviii,139p.
942 _cHB
_h910.7, SHE/O
999 _c1325380
_d1325380